| Tag |
First Indicator |
Second Indicator |
Subfields |
| LEADER |
00000cgm a2200000Ia 4500 |
| 001 |
in00002464483 |
| 005 |
20151110042739.0 |
| 007 |
vd cvaizk |
| 008 |
080319s2007 enk158 vlita d |
| 024 |
1 |
0 |
|a 044007432099
|
| 028 |
4 |
1 |
|a 074 3209
|b Decca
|
| 033 |
0 |
0 |
|a 20061207
|
| 035 |
|
|
|a (OCoLC)ocn213467013
|
| 035 |
|
|
|a (OCoLC)213467013
|
| 040 |
|
|
|a ZMS
|c ZMS
|d ZMS
|d UtOrBLW
|
| 041 |
0 |
|
|d ita
|j eng
|j fre
|j ger
|j ita
|j spa
|j chi
|h ita
|g eng
|g fre
|g ger
|
| 049 |
|
|
|a TXAM
|
| 090 |
|
|
|a M1500.V4
|b A555 2007
|
| 245 |
0 |
0 |
|a Aida :
|b opera in in four acts /
|c libretto by Antonio Ghislanzoni ; music by Giuseppe Verdi ; direction and set design, Franco Zefferelli ; [TV] director, Patrizia Carmine ; a production by Raitre Raitrade.
|
| 264 |
|
1 |
|a London, England :
|b Decca,
|c [2007]
|
| 300 |
|
|
|a 2 videodiscs (158 min.) :
|b sound, color ;
|c 4 3/4 in. +
|e 1 booklet.
|
| 336 |
|
|
|a two-dimensional moving image
|b tdi
|2 rdacontent
|
| 337 |
|
|
|a video
|b v
|2 rdamedia
|
| 338 |
|
|
|a videodisc
|b vd
|2 rdacarrier
|
| 538 |
|
|
|a DVD 9; PCM stereo., DTS digital 5.1 surround; aspect ratio 16:9 anamorphic; region code NTCS 1-6 (0).
|
| 546 |
|
|
|a Sung in Italian; subtitles in English, French, German, Italian, Spanish and Chinese.
|
| 511 |
0 |
|
|a Violeta Urmana (Aida) ; Roberto Alagna (Radames) ; Ildiko Komlosi (Amneris) ; Carlo Guelfi (Amonasro) ; Marco Spotti (The King) ; Giorgio Giuseppini (Ramfis) ; Antonello Ceron (Messenger) ; Sae Kyung Rim (Priestess) ; Orchestra e Coro del Teatro alla Scala ; Corps de ballet of theTeatro alla Scala ; pupils of the Accademia Teatro alla Scala ; Riccardo Chailly, conductor.
|
| 508 |
|
|
|a Costumes, Maurizio Millenotti ; lighting, Gianni Mantovanini ; choreographer, Vladimir Vassiliev.
|
| 518 |
|
|
|a Recorded December 7, 2006.
|
| 500 |
|
|
|a "Filmed in high definition widescreen"--Container.
|
| 500 |
|
|
|a Program notes and synopsis in English, French and German in container.
|
| 500 |
|
|
|a Videorecording.
|
| 650 |
|
0 |
|a Operas.
|
| 655 |
|
7 |
|a Filmed operas.
|2 lcgft
|
| 700 |
1 |
|
|a Ghislanzoni, Antonio,
|d 1824-1893,
|e librettist.
|
| 700 |
1 |
|
|a Zeffirelli, Franco,
|e director,
|e designer.
|
| 700 |
1 |
|
|a Carmine, Patrizia,
|e director.
|
| 700 |
1 |
|
|a Raitrade, Raitre.
|
| 700 |
1 |
|
|a Urmana, Violeta.
|
| 700 |
1 |
|
|a Alagna, Roberto,
|e performer.
|
| 700 |
1 |
|
|a Komlósi, Ildikó,
|e performer.
|
| 700 |
1 |
|
|a Guelfi, Carlo,
|e performer.
|
| 700 |
1 |
|
|a Spotti, Marco,
|e performer.
|
| 700 |
1 |
|
|a Giuseppini, Giorgio,
|e performer.
|
| 700 |
1 |
|
|a Ceron, Antonello,
|e performer.
|
| 700 |
1 |
|
|a Rim, Sae Kyung,
|e performer.
|
| 700 |
1 |
|
|a Chailly, Riccardo,
|d 1953-
|e conductor.
|
| 700 |
1 |
|
|a Millenotti, Maurizio,
|e designer.
|
| 700 |
1 |
|
|a Mantovanini, Gianni,
|e designer.
|
| 700 |
1 |
|
|a Vassiliev, Vladimir,
|e choreographer.
|
| 700 |
1 |
|
|a Verdi, Giuseppe,
|d 1813-1901.
|t Aïda.
|
| 710 |
2 |
|
|a Teatro alla Scala,
|e performer.
|
| 710 |
2 |
|
|a Rai Trade (Firm)
|
| 710 |
2 |
|
|a Decca Record Company.
|
| 994 |
|
|
|a C0
|b TXA
|
| 948 |
|
|
|a cataloged
|b h
|c 2009/1/27
|d c
|e blrosas
|f 2:53:29 pm
|
| 999 |
|
|
|a MARS
|
| 999 |
f |
f |
|s 6d97355c-b221-3629-ba3a-1d32fa17e88f
|i 4cb93864-0341-3079-bad9-8ee4cac59052
|t 0
|
| 952 |
f |
f |
|p ric
|a Texas A&M University
|b Rellis Campus
|c Joint Library Facility
|d Remote Storage
|t 0
|e M1500.V4 A555 2007
|h Library of Congress classification
|i video -- videodisc
|m A14837549757
|
| 998 |
f |
f |
|a M1500.V4 A555 2007
|t 0
|l Remote Storage
|